| 000 | 01714nam0a2200349 4500 | ||
|---|---|---|---|
| 001 | RU\NLR\BIBL_A\012520678 | ||
| 005 | 20210706123955.0 | ||
| 010 |
_a978-5-9961-2379-7 _9500 |
||
| 021 |
_aRU _bКН-П-20-086892 _9КН-П-20-6611 |
||
| 035 | _a(NLR Aleph) 012520678 | ||
| 035 | _a(RuMoRGB)010535274 | ||
| 090 |
_a12322557 _c12322557 |
||
| 100 | _a20210518d2020 k y0rusy50 ca | ||
| 101 | 0 | _arus | |
| 102 | _aRU | ||
| 105 | _a |||z|||000zy | ||
| 181 | 0 |
_ai3 _baxxe |
|
| 182 | 0 | _an | |
| 200 | 1 |
_aСовершенствование организационных аспектов управления проектом _eмонография _fИ.Г. Решетникова, М.С. Гусарова _gМинистерство науки и высшего образования Российской Федерации, Федеральное государственное бюджетное образовательное учреждение высшего образования "Тюменский индустриальный университет" |
|
| 203 |
_aТекст _bвизуальный _cнепосредственный |
||
| 210 |
_aТюмень _cТИУ _d2020 |
||
| 215 |
_a182, [2] с. _cил., табл. _d21 |
||
| 320 | _aБиблиогр.: с. 177-182 (62 назв.) | ||
| 606 | 1 |
_aПроекты _xУправление _91734110 _3RU\NLR\AUTH\661071500 |
|
| 686 | 1 | _aУ21(0)2 | |
| 700 | 1 |
_aРешетникова _bИ. Г. _gИрина Геннадьевна |
|
| 701 | 1 |
_aГусарова _bМ. С. _gМирослава Сергеевна |
|
| 942 | _cBOOK | ||
| 980 | _aNBR | ||
| 980 | _aNB | ||